Score 0/16 Timer 02:00
0 Plays Today
Scrambled Soft Drink Unscrambled Soft Drink % Correct
KECOCoke
96.3%
DRE ULBLRed Bull
92.7%
TLOJJolt
91.8%
NTAAFFanta
90.5%
IPPESPepsi
89.4%
OUNMTINA WDEMountain Dew
87.7%
NGREE VERRIGreen River
76%
ESTRPISprite
65.5%
Scrambled Soft Drink Unscrambled Soft Drink % Correct
TIRUSQSquirt
65.3%
LVATUVault
56.3%
QBARSBarq's
52.2%
LEPPANSSnapple
47.3%
IRASER ITMSSierra Mist
46.1%
URCHSCrush
42.2%
NUSKSTISunkist
41.2%
PEEPSWHSCSchweppes
29.9%
Remove Ads.
Support Sporcle.
Get the best of Sporcle when you Go Orange. This ad-free experience offers more features, more stats, and more fun while also helping to support Sporcle. Thank you for becoming a member.

You're not logged in!

Compare scores with friends on all Sporcle quizzes.
OR
Log In

Show Comments

Extras

Top Quizzes Today


Score Distribution

Your Account Isn't Verified!

In order to create a playlist on Sporcle, you need to verify the email address you used during registration. Go to your Sporcle Settings to finish the process.

Report this User

Report this user for behavior that violates our Community Guidelines.

Details: